Truyện ngắn châu Mỹ T.2. / T.2

שמור ב:
מידע ביבליוגרפי
מחבר ראשי: PEARL S. BUCK
פורמט: ספר
שפה:Vietnamese
יצא לאור: Văn học, 2000.
נושאים:
תגים: הוספת תג
אין תגיות, היה/י הראשונ/ה לתייג את הרשומה!
Thư viện lưu trữ: Mạng thư viện Đại học Đà Nẵng
LEADER 01043cam a22003251a 4500
001 000035732
003 12023
005 20240909112418.0
008 160318s2000 vm 000 vie
040 |a LNN 
041 |a vie 
082 |a 813  |b Tr-N  |2 T.2 
100 |a PEARL S. BUCK 
245 0 |a Truyện ngắn châu Mỹ T.2. /  |c Pearl S. Buck  |n T.2 
260 |a Văn học,  |c 2000. 
300 |a 404tr.:nh ;20cm. 
650 |a Truyện ngắn châu Mỹ T.2. 
852 |c Sách tham khảo 
OWN |a LNN 
AVA |a UDN50  |b LNN  |d 813 Tr-N  |e available  |t Error 5001 Not defined in file expand_doc_bib_avail.  |f 1  |g 0  |h N  |i 0  |k 1 
999 |a From the UDN01 
AVA |a UDN50  |b LNN  |d 813 Tr-N  |e available  |t Error 5001 Not defined in file expand_doc_bib_avail.  |f 1  |g 0  |h N  |i 0  |k 1 
TYP |a Monograph 
TYP |a Printed language 
980 |a Mạng thư viện Đại học Đà Nẵng